| 000 | 00853nac a22002411u 4500 | ||
|---|---|---|---|
| 010 | _a 95012393 | ||
| 020 | _a0865737444 (hardcover) | ||
| 020 | _a0865737452 (softcover) | ||
| 082 | 0 | 0 |
_a643.7 _bEXT |
| 090 |
_c10017 _d10017 |
||
| 100 | _a20080729 | ||
| 245 | 0 | 0 | _aExterior home repairs & improvements / |
| 246 | 3 | _aExterior home repairs and improvements | |
| 260 |
_aMinnetonka, Minn. : _bCy DeCosse,1995. _cc1995. |
||
| 300 |
_a128 p. : _bcol. ill. ; _c29 cm. |
||
| 440 | 0 | _aBlack & Decker home improvement library | |
| 500 | _aIncludes index. | ||
| 511 | _aCatalogued by: Sara. | ||
| 650 | 0 |
_aDwellings _xMaintenance and repair _xAmateurs' manuals. |
|
| 650 | 0 |
_aExterior walls _xMaintenance and repair _xAmateurs' manuals. |
|
| 710 | 2 | _aCy DeCosse, Incorporated. | |
| 942 |
_cBB _k643.7EXT |
||
| 999 |
_c10017 _d10017 |
||